| 000 | 00454pab a2200157 454500 | ||
|---|---|---|---|
| 008 | 180718b2004 xxu||||| |||| 00| 0 eng d | ||
| 100 | _aReddy, V. Ratna | ||
| 245 | _aManaging water resources in India: a synoptic review | ||
| 260 | _c2004 | ||
| 300 | _ap.176-93. | ||
| 362 | _aJul-Dec | ||
| 650 | _aWater resources management - India | ||
| 650 | _aWater resources management | ||
| 773 | _aJournal of Social and Economic Development | ||
| 909 | _a66944 | ||
| 999 |
_c66944 _d66944 |
||